000 00673pam a2200241 i 4500
008
020 _a0080187722 (hbk.)
049 _aMAIN
090 _aTC175.2
100 1 _aRaudkivi, A. J.
245 1 0 _aLoose boundary hydraulics /
_cby A. J. Raudkivi.
250 _a2nd ed.
260 _aOxford :
_bPergamon Press,
_c1976.
300 _axii, 397 p. :
_bill. ;
_c22 cm.
440 _aCivil engineering division
504 _aIncludes bibliographies.
650 0 _aSediment transport.
907 _a.b10067644
_b13-10-05
_c17-04-03
003
005 20230123133534.0
040 _cNUST
942 _cBOOKS
_kTC175.2
999 _c150348
_d150348